<?xml version="1.0" encoding="UTF-8"?>
<record
    xmlns:xsi="http://www.w3.org/2001/XMLSchema-instance"
    xsi:schemaLocation="http://www.loc.gov/MARC21/slim http://www.loc.gov/standards/marcxml/schema/MARC21slim.xsd"
    xmlns="http://www.loc.gov/MARC21/slim">

  <leader>02107am aa2200313i 44500</leader>
  <controlfield tag="003"> PE-LiUPU</controlfield>
  <controlfield tag="005">20251013084339.0</controlfield>
  <controlfield tag="008">    2010s2020    xx a     rb    000 0 spa d</controlfield>
  <datafield tag="020" ind1=" " ind2=" ">
    <subfield code="a">9781393116004</subfield>
  </datafield>
  <datafield tag="035" ind1=" " ind2=" ">
    <subfield code="a">PE-LiUPU000017</subfield>
  </datafield>
  <datafield tag="040" ind1=" " ind2=" ">
    <subfield code="a">PE-LiUPU</subfield>
    <subfield code="b">spa</subfield>
    <subfield code="c">PE-LiUPU</subfield>
    <subfield code="e">rda</subfield>
  </datafield>
  <datafield tag="082" ind1="0" ind2="4">
    <subfield code="a">618.3</subfield>
    <subfield code="b">V677e</subfield>
    <subfield code="2">23</subfield>
  </datafield>
  <datafield tag="100" ind1=" " ind2=" ">
    <subfield code="a">Vigil-De Gracia, Paulino,</subfield>
    <subfield code="e">autor.</subfield>
    <subfield code="9">7189</subfield>
  </datafield>
  <datafield tag="245" ind1="1" ind2="0">
    <subfield code="a">Embarazo de alto riesgo /</subfield>
    <subfield code="c">por Paulino Vigil-De Gracia.</subfield>
  </datafield>
  <datafield tag="264" ind1=" " ind2="1">
    <subfield code="a">[Panam&#xE1;?] :</subfield>
    <subfield code="b">Paulino Vigil-De Gracia,</subfield>
    <subfield code="c">2020.</subfield>
  </datafield>
  <datafield tag="300" ind1=" " ind2=" ">
    <subfield code="a">576 p&#xE1;ginas :</subfield>
    <subfield code="b">ilustraciones ;</subfield>
    <subfield code="c">28 cm.</subfield>
  </datafield>
  <datafield tag="336" ind1=" " ind2=" ">
    <subfield code="a">texto</subfield>
    <subfield code="2">rdacontent</subfield>
  </datafield>
  <datafield tag="337" ind1=" " ind2=" ">
    <subfield code="a">sin mediaci&#xF3;n</subfield>
    <subfield code="2">rdamedia</subfield>
  </datafield>
  <datafield tag="338" ind1=" " ind2=" ">
    <subfield code="a">volumen</subfield>
    <subfield code="2">rdacarrier</subfield>
  </datafield>
  <datafield tag="504" ind1=" " ind2=" ">
    <subfield code="a">Incluye referencias bibliogr&#xE1;ficas.</subfield>
  </datafield>
  <datafield tag="505" ind1="0" ind2=" ">
    <subfield code="a">Embarazo de alto riesgo -- Diagn&#xF3;stico prenatal -- Ecograf&#xED;a obst&#xE9;trica temprana -- Sangrados de la primera mitad del embarazo -- Sangrados de la segunda mitad del embarazo -- Inducci&#xF3;n del trabajo de parto -- Vigilancia fetal anteparto e intraparto -- Complicaciones intraparto -- Infecciones perinatales -- Infecciones del tracto urinario y bacteriuria -- Restricci&#xF3;n del crecimiento fetal -- Parto prematuro -- Ruptura prematura de membranas -- Embarazo en adolescentes -- Embarazo m&#xFA;ltiple -- Obesidad y embarazo -- Diabetes y embarazo -- Hipertensi&#xF3;n cr&#xF3;nica y embarazo -- Preeclampsia-eclampsia -- S&#xED;ndrome de HELLP -- Trastornos hematol&#xF3;gicos y embarazo -- Cardiopat&#xED;as y embarazo -- Trombofilias y embarazo -- H&#xED;gado graso agudo del embarazo -- Virus de Inmunodeficiencia Humana y embarazo -- Puerperio patol&#xF3;gico -- Hemorragia post parto -- Periviabilidad neonatal -- Analgesia y anestesia obst&#xE9;trica -- Mortalidad materna.</subfield>
  </datafield>
  <datafield tag="650" ind1="1" ind2="4">
    <subfield code="a">Embarazo</subfield>
    <subfield code="x">Complicaciones.</subfield>
    <subfield code="9">7190</subfield>
  </datafield>
  <datafield tag="650" ind1="2" ind2="4">
    <subfield code="a">Obstetricia</subfield>
    <subfield code="x">Enfermedades.</subfield>
    <subfield code="9">7191</subfield>
  </datafield>
  <datafield tag="650" ind1="2" ind2="4">
    <subfield code="a">Salud materna</subfield>
    <subfield code="x">Riesgos m&#xE9;dicos.</subfield>
    <subfield code="9">7192</subfield>
  </datafield>
  <datafield tag="650" ind1="2" ind2="4">
    <subfield code="a">Ginecoobstetricia.</subfield>
    <subfield code="9">7193</subfield>
  </datafield>
  <datafield tag="856" ind1="4" ind2="0">
    <subfield code="u">https://www.vigildegracia.com (si aplica, de tener sitio del autor)</subfield>
    <subfield code="z">Sitio del autor (opcional).</subfield>
  </datafield>
  <datafield tag="942" ind1=" " ind2=" ">
    <subfield code="2">ddc</subfield>
    <subfield code="c">BK</subfield>
  </datafield>
  <datafield tag="980" ind1=" " ind2=" ">
    <subfield code="6">21515</subfield>
    <subfield code="a">ROMINA COBOS Adquisiciones</subfield>
    <subfield code="8">18226</subfield>
    <subfield code="g">Jaime Vilcaz&#xE1;n Jefe de An&#xE1;lisis Documental</subfield>
  </datafield>
  <datafield tag="999" ind1=" " ind2=" ">
    <subfield code="c">63110</subfield>
    <subfield code="d">63109</subfield>
  </datafield>
  <datafield tag="952" ind1=" " ind2=" ">
    <subfield code="r">2025-12-03 00:00:00</subfield>
    <subfield code="l">0</subfield>
    <subfield code="o">618.3 V677e</subfield>
    <subfield code="p">82822</subfield>
    <subfield code="t">e1</subfield>
    <subfield code="v">110.00</subfield>
    <subfield code="w">2025-10-10</subfield>
    <subfield code="x">FCS</subfield>
    <subfield code="y">BK</subfield>
    <subfield code="1">0</subfield>
    <subfield code="2">ddc</subfield>
    <subfield code="5">0</subfield>
    <subfield code="7">0</subfield>
    <subfield code="8">GEN</subfield>
    <subfield code="f">P22</subfield>
    <subfield code="a">BUL</subfield>
    <subfield code="b">BUL</subfield>
    <subfield code="c">GEN</subfield>
    <subfield code="d">2025-10-09</subfield>
    <subfield code="e">COMPRA</subfield>
    <subfield code="g">105.00</subfield>
  </datafield>
</record>
